| 000 | 00989nam a2200301 4500 | ||
|---|---|---|---|
| 001 | 0000015452 | ||
| 003 | CO-CtgCURN | ||
| 005 | 20250825223110.0 | ||
| 008 | 160627s1993 000 0 eng d | ||
| 020 | _a8448701283 | ||
| 040 |
_aCO-CtgCURN _bspa _ccoctgcurn |
||
| 082 | 0 |
_a320.1 _bM297 |
|
| 100 | 1 | _aMaquiavelo, Nicolas. | |
| 245 | 1 | 3 |
_aEl principe / _cNicolas Maquiavelo , traductor, Helena Puigdom nech. |
| 260 |
_aBarcelona : _bAltaya, _c1993. |
||
| 300 | _axxxvii, 111 p. | ||
| 336 | _2rdacontent | ||
| 337 |
_2rdamedia _asin mediacion _bn |
||
| 338 |
_2rdacarrier _avolumen _bnc |
||
| 490 | 1 |
_aGrandes obras del pensamiento ; _v9 |
|
| 500 | _aIncluye indice \ Titulo original: Il principe. | ||
| 504 | _aIncluye bibliografia (p. xxxvii) | ||
| 650 | 0 |
_aCiencia polĂtica _vHistoria. |
|
| 700 | 1 | _aPuigdom nech, Helena, traductor. | |
| 908 | _a160627 | ||
| 942 |
_cBK _h320.1 _iM297 _2ddc |
||
| 999 |
_c49509 _d49509 _x1 |
||